[Event "ODJM B 2019"]
[Site "Willingen GER"]
[Date "2019.06.10"]
[Round "3"]
[White "Sarian, Gaya"]
[Black "Rempe, Janne"]
[Result "0-1"]
[Termination "normal"]
[Board "52"]
[WhiteElo "1452"]
[BlackElo "1720"]
[PlyCount "84"]
[WhiteFideId "16266161"]
[BlackFideId "16202392"]
[EventCountry "GER"]
[EventRounds "9"]
[EventType "swiss"]
[EventDate "2019.06.08"]

1. e4 d6 2. d4 Nf6 3. Nc3 Nbd7 4. Nf3 e5 5. Bg5 Be7 6. Bc4 c6 7. O-O b5 8. Bb3
b4 9. dxe5 dxe5 10. Bxf6 Bxf6 11. Ne2 O-O 12. Qd6 Qb6 13. Ba4 Nb8 14. Nxe5 Rd8
15. Nc4 Rxd6 16. Nxb6 axb6 17. Bb3 Ba6 18. Rfe1 Nd7 19. Rab1 Bxe2 20. Rxe2 Bxb2
21. h3 Bd4 22. Rd2 Ne5 23. Kf1 Rad8 24. Rbd1 Bc5 25. Rxd6 Rxd6 26. Rxd6 Bxd6
27. f4 Ng6 28. g3 Kf8 29. Kf2 h5 30. e5 Bc5+ 31. Kf3 b5 32. e6 f5 33. g4 fxg4+
34. hxg4 h4 35. g5 h3 36. Kg3 Nxf4 37. Kh2 Ke7 38. Kg3 Bg1 39. a4 h2 40. axb5
h1=Q 41. bxc6 Be3 42. c3 Qh3# 0-1

[Event "ODJM B 2019"]
[Site "Willingen GER"]
[Date "2019.06.10"]
[Round "3"]
[White "Hoffmann, Alexander"]
[Black "Keck, Johannes"]
[Result "0-1"]
[Termination "normal"]
[Board "53"]
[WhiteElo "1631"]
[BlackElo "1402"]
[PlyCount "88"]
[WhiteFideId "16240219"]
[BlackFideId "16258746"]
[EventCountry "GER"]
[EventRounds "9"]
[EventType "swiss"]
[EventDate "2019.06.08"]

1. e4 e6 2. d4 d5 3. Nc3 Nf6 4. Bg5 Be7 5. e5 Nfd7 6. Bxe7 Qxe7 7. Nf3 c5 8.
Qd2 a6 9. dxc5 Nxc5 10. O-O-O Nc6 11. Qe3 O-O 12. h4 b5 13. g4 b4 14. Ne2 a5
15. Ned4 Bd7 16. Nxc6 Bxc6 17. Nd4 Rfc8 18. f4 a4 19. f5 b3 20. cxb3 axb3 21.
a3 Ba4 22. Kb1 Qc7 23. f6 Nd7 24. Qg5 Kf8 25. Qxg7+ Ke8 26. Bd3 Qxe5 27. Bb5
Bxb5 28. Nxb5 Rc2 29. Nd4 Ra4 30. Nxc2 Qe4 31. Rh2 Rc4 32. Rc1 Qf4 33. Qg5 Qxh2
34. Nb4 Qf2 35. Rxc4 dxc4 36. Qc1 Qe2 37. Qc3 Nxf6 38. a4 Ne4 39. Qc1 Qxg4 40.
Qh1 Qe2 41. a5 c3 42. bxc3 Nxc3+ 43. Kc1 Na2+ 44. Nxa2 Qc2# 0-1

[Event "ODJM B 2019"]
[Site "Willingen GER"]
[Date "2019.06.10"]
[Round "3"]
[White "Senechal, Niklas Bennett"]
[Black "Schilay, Maria"]
[Result "0-1"]
[Termination "normal"]
[Board "54"]
[WhiteElo "1470"]
[BlackElo "1415"]
[PlyCount "58"]
[WhiteFideId "16231180"]
[BlackFideId "12942979"]
[EventCountry "GER"]
[EventRounds "9"]
[EventType "swiss"]
[EventDate "2019.06.08"]

1. e4 e5 2. Nf3 Nc6 3. Bb5 a6 4. Ba4 Nf6 5. O-O Be7 6. Re1 b5 7. Bb3 d6 8. c3
Na5 9. Bc2 c5 10. d4 cxd4 11. cxd4 Bg4 12. dxe5 Bxf3 13. Qxf3 dxe5 14. Be3 O-O
15. Nd2 Rc8 16. Rac1 Bc5 17. Red1 Qb6 18. Bxc5 Qxc5 19. Nb3 Nxb3 20. Bxb3 Qxc1
21. Rxc1 Rxc1+ 22. Bd1 Rd8 23. h3 Rcxd1+ 24. Kh2 h6 25. Qc3 R1d2 26. Kg1 Nxe4
27. Qxe5 Nxf2 28. Qc3 Nd1 29. Qe5 Nxb2 0-1

[Event "ODJM B 2019"]
[Site "Willingen GER"]
[Date "2019.06.10"]
[Round "3"]
[White "Leithoff, Hans-Georg"]
[Black "von Jan, Lena"]
[Result "1/2-1/2"]
[Termination "normal"]
[Board "55"]
[WhiteElo "1527"]
[BlackElo "1512"]
[PlyCount "52"]
[WhiteFideId "16223918"]
[BlackFideId "12946060"]
[EventCountry "GER"]
[EventRounds "9"]
[EventType "swiss"]
[EventDate "2019.06.08"]

1. e4 e5 2. Nf3 Nc6 3. d4 exd4 4. Nxd4 Bb4+ 5. Nc3 Bxc3+ 6. bxc3 d6 7. Nxc6
bxc6 8. Bd3 Ne7 9. O-O Ng6 10. Re1 O-O 11. Qh5 Qf6 12. Qa5 Qe7 13. Ba3 Ne5 14.
f4 Ng6 15. e5 Qd8 16. Bxg6 hxg6 17. Rad1 Bg4 18. Rd4 Re8 19. h3 Bf5 20. g4 Bd7
21. Red1 d5 22. c4 Be6 23. cxd5 cxd5 24. Qa6 Qc8 25. Qc6 a6 26. Rf1 Rd8 1/2-1/2

[Event "ODJM B 2019"]
[Site "Willingen GER"]
[Date "2019.06.10"]
[Round "3"]
[White "Lipinsky, Pierre"]
[Black "Rohde, Ragnar"]
[Result "0-1"]
[Termination "normal"]
[Board "56"]
[WhiteElo "1353"]
[BlackElo "1501"]
[PlyCount "116"]
[WhiteFideId "16206290"]
[BlackFideId "16287495"]
[EventCountry "GER"]
[EventRounds "9"]
[EventType "swiss"]
[EventDate "2019.06.08"]

1. d4 Nf6 2. c4 g6 3. Nc3 Bg7 4. Bg5 O-O 5. e3 d6 6. Bd3 Nbd7 7. Nf3 c6 8. O-O
Qc7 9. Qc2 e5 10. h3 Re8 11. Rfe1 Nf8 12. e4 Ne6 13. Be3 exd4 14. Bxd4 Nxd4 15.
Nxd4 Nxe4 16. Nb3 Nf6 17. Rxe8+ Nxe8 18. Re1 Be6 19. Re3 Nf6 20. Qe2 Nd7 21. a3
Ne5 22. f4 Bh6 23. fxe5 Bxe3+ 24. Qxe3 dxe5 25. Ne4 Kg7 26. Qf3 Bf5 27. g4 Bxe4
28. Qxe4 Qb6+ 29. c5 Qxb3 30. Qxe5+ f6 31. Qe7+ Qf7 32. Qe2 Re8 33. Qf1 Qd5 34.
b4 Qd4+ 35. Kh2 Qb2+ 36. Kg1 Qxa3 37. Qb1 Qc3 38. Kf2 Qd4+ 39. Kg2 Re3 40. Bf1
Qe4+ 41. Qxe4 Rxe4 42. b5 cxb5 43. Bxb5 Re5 44. c6 Rxb5 45. c7 Rc5 46. c8=Q
Rxc8 47. h4 a5 48. g5 fxg5 49. hxg5 a4 50. Kf2 a3 51. Ke2 a2 52. Ke3 a1=Q 53.
Ke4 Qa4+ 54. Kd3 Qc4+ 55. Ke3 Re8+ 56. Kf3 Qd3+ 57. Kg2 Re2+ 58. Kf1 Qd1# 0-1

[Event "ODJM B 2019"]
[Site "Willingen GER"]
[Date "2019.06.10"]
[Round "3"]
[White "John, Niklas"]
[Black "Kung, Fanny"]
[Result "0-1"]
[Termination "normal"]
[Board "57"]
[WhiteElo "1324"]
[BlackElo "1510"]
[PlyCount "22"]
[WhiteFideId "16234626"]
[BlackFideId "12987689"]
[EventCountry "GER"]
[EventRounds "9"]
[EventType "swiss"]
[EventDate "2019.06.08"]

1. e4 d5 2. exd5 Qxd5 3. Nc3 Qd6 4. Nf3 a6 5. d4 Nf6 6. g3 Bg4 7. Bf4 Qb6 8.
Qd3 Nc6 9. d5 Nb4 10. Qd2 Bxf3 11. Rg1 Nfxd5 0-1

[Event "ODJM B 2019"]
[Site "Willingen GER"]
[Date "2019.06.10"]
[Round "3"]
[White "Panjer, Sidney"]
[Black "Richter, Tim"]
[Result "1-0"]
[Termination "normal"]
[Board "58"]
[WhiteElo "1490"]
[BlackElo "1473"]
[PlyCount "41"]
[WhiteFideId "16207041"]
[BlackFideId "16272641"]
[EventCountry "GER"]
[EventRounds "9"]
[EventType "swiss"]
[EventDate "2019.06.08"]

1. e4 c5 2. Nf3 Nc6 3. Nc3 e5 4. Bc4 Nd4 5. Nxe5 Ne6 6. d3 d6 7. Bb5+ Bd7 8.
Bxd7+ Qxd7 9. Nxd7 Kxd7 10. O-O Nd4 11. Re1 Ne7 12. e5 Nec6 13. exd6 Bxd6 14.
Qg4+ Kc7 15. Nd5+ Kb8 16. Qd7 a6 17. Qxd6+ Ka7 18. Qxc5+ Kb8 19. Bf4+ Kc8 20.
Nb6+ Kd8 21. Qd6# 1-0

[Event "ODJM B 2019"]
[Site "Willingen GER"]
[Date "2019.06.10"]
[Round "3"]
[White "Fricke, Edna Marlene"]
[Black "Paqarizi, Endrit"]
[Result "1/2-1/2"]
[Termination "normal"]
[Board "59"]
[WhiteElo "1350"]
[BlackElo "1414"]
[PlyCount "62"]
[WhiteFideId "12988839"]
[BlackFideId "16235827"]
[EventCountry "GER"]
[EventRounds "9"]
[EventType "swiss"]
[EventDate "2019.06.08"]

1. e4 c5 2. Nc3 e6 3. d3 Nc6 4. g3 Qc7 5. Bg2 a6 6. f4 b5 7. Be3 Bb7 8. Nf3 Rd8
9. d4 cxd4 10. Nxd4 Bb4 11. O-O Bc5 12. Qd2 Qb6 13. Nce2 Nf6 14. h3 Nxd4 15.
Bxd4 Bxe4 16. b4 Bxd4+ 17. Qxd4 Qxd4+ 18. Nxd4 Ke7 19. Rfe1 Bxg2 20. Kxg2 Rc8
21. Rac1 Rc4 22. c3 Rhc8 23. Nf5+ Kd8 24. Nd6 Rxc3 25. Nxc8 Rxc8 26. Rxc8+ Kxc8
27. Rc1+ Kb7 28. Kf3 Nd5 29. a3 Kb6 30. g4 a5 31. Rb1 axb4 1/2-1/2